000
00371nam a2200157Ia 4500
008
151213s9999 xx 000 0 und d
100
_a
M.Saiful Alam
245
_a
Law Dictionary
_c
M.Saiful Alam
250
_a
1st
260
_a
Dhaka
_b
Gloval Edastrivice
_c
20004
300
_a
2583 p.
650
_a
Law
650
_a
Law
700
_a
M.Saiful Alam
999
_c
1728
_d
1728